Seconde-Histoire : Humanisme, Renaissance, Réformes religieuses - Statistiques

Statistiques générales
  • Ce quiz a été pris 133 fois
  • Le résultat moyen est 16 sur 30
Statistiques - réponses
Hint Réponse % Correct
VRAI ou FAUX : Sa démarche est appréciée par l’Église. Faux
91%
VRAI ou FAUX : Cet intellectuel remet en cause le catholicisme. Faux
88%
Quel intellectuel du nord de l'Europe incarne la pensée humaniste par ses écrits et voyages ? Erasme
82%
VRAI ou FAUX : Cela signifie qu'il y a un oubli des thèmes médiévaux comme ceux de la Religion. Faux
78%
VRAI ou Faux : Cela témoigne de l'humanisme de l'artiste. Vrai
73%
VRAI ou FAUX : Les politiques architecturales de la papauté, et de l'Eglise en générale, sont appréciées par l'ensemble des européens. Faux
70%
Quel théologien allemand remet en cause cela ? Martin Luther
67%
Quelle période historique sert de référence à ces artistes ? Antiquité
66%
Quelle modernisation technique permet la diffusion rapide de ces idées ? Imprimerie
65%
Quel artiste italien est engagé par le pape afin de mettre ses talents au profit de l'Eglise ? Michel Ange
65%
VRAI ou FAUX : Cela arrive. Faux
63%
Ce mouvement intellectuel se fait en parallèle d'un mouvement artistique. Comment s'appelle-t-il ? Renaissance
58%
Comment s'appelle la chapelle du Vatican ornée par les fresques de l'artiste ? Sixtine
56%
En quelle année ? 1517
55%
Quelle technique de représentation de l'espace, émergeant à cette période, est utilisée par les artistes ? Perspective
52%
Qu'entreprend-t-il au sujet de la bible ? Sa traduction
52%
En réponse, la papauté organise un concile afin de discuter de la religion. Où a lieu ce concile ? Trente
51%
Ces critiques donnent naissance à de nouvelle confession chrétienne. Comment appelle-t-on cela ? Protestantisme
50%
Quel personnage biblique a presque un contact physique avec Dieu sur le plafond de cette chapelle ? Adam
48%
Quel astronome polonais démontre l'héliotropisme du système solaire ? Copernic
48%
Que publie-t-il afin de mettre à l'écrit ses idées ? 95 thèses
47%
Quelle pratique pécuniaire condamne-t-il ? Indulgence
43%
Comment appelle-t-on le fait de soutenir financièrement les artistes ? Mécénat
43%
Quelle conséquence politique a notamment la division religieuse en Europe ? guerres de religions
39%
Qui est alors l'empereur du Saint Empire Romain Germanique ? Charles Quint
32%
En plus de Dieu, en quoi croit-il ? Homme
31%
Par sa décision, qu'ont le droit de faire les personnes qui croisent le théologien ? le tuer
30%
Cela se traduit par l'émergence de différentes écoles. Quand apparaît le collège de France ? 1530
20%
Quelle est la réaction du pape a ces critiques ? Excommunication de Luther
19%
Au-delà des paroles religieuses, sur quoi faut-il également baser le savoir ? Expérience
13%
Aucun quiz correspondant
Distribution des résultats
% des personnes avec chaque résultat
Percentile par nombre de réponses
Votre historique - résultats
Vous n’avez pas pris ce quiz